Produktionswirtschaft Grundlagen einer industriellen Betriebswirtschaftslehre

Uložené v:
Podrobná bibliografia
Hlavný autor: Hoitsch, Hans-Jörg
Médium: Kniha
Jazyk:German
Vydavateľské údaje: München Vahlen 1993
Vydanie:2. völlig überarb. und erw. Aufl.
Edícia:Vahlens Handbücher der Wirtschafts- und Sozialwissenschaften
Predmet:
Tagy: Pridať tag
Žiadne tagy, Buďte prvý, kto otaguje tento záznam!

MARC

LEADER 00000nam a2200000 4500
001 c010963
005 20221214082728.6
020 |a 3-8006-1619-X 
041 0 |a ger 
044 |a DE 
245 1 0 |a Produktionswirtschaft  |b Grundlagen einer industriellen Betriebswirtschaftslehre  |c Hans-Jörg Hoitsch 
250 |a 2. völlig überarb. und erw. Aufl. 
264 1 |a München  |b Vahlen  |c 1993 
300 |a 617 s. 
490 1 |a Vahlens Handbücher der Wirtschafts- und Sozialwissenschaften 
830 0 |a Vahlens Handbücher der Wirtschafts- und Sozialwissenschaften 
610 2 0 |a hospodárstvo podnikové 
610 2 0 |a výroba 
610 2 0 |a výroba priemyselná 
610 2 0 |a plánovanie strategické 
610 2 0 |a ochrana prostredia životného 
610 2 0 |a produkcia 
610 2 0 |a manažment 
610 2 0 |a kontrola 
100 1 |a Hoitsch, Hans-Jörg